01111nam a2200277 i 4500001000300000100003100003245023300034260002800267300003400295504002400329650003700353650003800390650004100428700002500469700002600494700003000520700002600550700002600576710003100602020001500633040000800648041001100656080002700667008004100694856009800735bg1 aLATYŠKIEVIČ, Leonid A.10aPiłka ręczna, koszykówka, piłka siatkowa :bpodstawy treningu i zasób ćwiczeń /cLeonid A. ; Centralny Ośrodek Sportu ; [tł. z ros. Wiesław Nowacki]nA. Łatyszkiewicz, Michaił I. Worobjew, Zaurbek M. Chromajew. aWarszawa :bCOS,c1999. a250, [2] s. :brys. ;c24 cm. aBibliogr. s. [252]. 9aSiatkówkaxnauczanie i trening 9aKoszykówkaxnauczanie i trening 9aPiłka ręcznaxnauczanie i trening1 aVOROBJEV, Michail I.1 aCHROMAJEV, Zaurbek M.1 aŁATYSZKIEWICZ, Leonid A.1 aWOROBJEW, Michaił I.1 aCHROMAJEW, Zaurbek M. 0aCentralny Ośrodek Sportu a8386504560 cBPK1 aplhru a796.322/.325+372.879.6 s pl f |000 0 pol  uhttp://koha.tu.koszalin.pl/cgi-bin/koha/opac-detail.pl?biblionumber=37425yKatalog online BPK